00231nam a2200109Ia 4500008004100000041000800041100001100049245002100060300000900081520001900090650001200109230818s9999 xx 000 0 und d aeng aRamsay aHealthy appetite a255p aReference Copy aGeneral